logo

Bir Sreshtho Munshi Abdur Rouf Library
Jhenaidah Cadet College

My Early Years : (Record no. 13734)

MARC details
000 -LEADER
fixed length control field 00632nam a2200229 a 4500
001 - CONTROL NUMBER
JCCL Control Number 13734
003 - CONTROL NUMBER IDENTIFIER
JCCL marc code BD-JhCC
005 - DATE AND TIME OF LATEST TRANSACTION
control field 20240320094606.0
008 - FIXED-LENGTH DATA ELEMENTS--GENERAL INFORMATION
fixed length control field 240319b2022 bg |||| ||a| 001 0 eng d
020 ## - INTERNATIONAL STANDARD BOOK NUMBER
International Standard Book Number 9789849641810
035 ## - SYSTEM CONTROL NUMBER
system control number (BD-JhCC)13734
040 ## - CATALOGING SOURCE
Original cataloging agency BD-JhCC
Modifying agency BD-JhCC
041 ## - LANGUAGE CODE
Language code of Book English
082 ## - DEWEY DECIMAL CLASSIFICATION NUMBER
Classification number 921
Author mark and Year MAJ 2022
100 ## - MAIN ENTRY--PERSONAL NAME
Personal name Majumdar,Ramendu
245 ## - TITLE STATEMENT
Title My Early Years :
Remainder of title Life in East Pakistan /
Statement of responsibility, etc Ramendu Majumdar,Tran: Anshuman Bhowmick.
260 ## - PUBLICATION, DISTRIBUTION, ETC. (IMPRINT)
Place of publication, distribution, etc Dhaka:
Name of publisher, distributor, etc Kathaprokash;
Date of publication, distribution, etc 2022.
300 ## - PHYSICAL DESCRIPTION
Pagination 152 p. :
Dimensions 24 cm.
Other physical details ill;
650 ## - SUBJECT ADDED ENTRY--TOPICAL TERM
Topical term or geographic name as entry element Autobiography
700 ## - ADDED ENTRY--PERSONAL NAME
Personal name Bhowmick,Anshuman
942 ## - ADDED ENTRY ELEMENTS (KOHA)
Source of classification or shelving scheme Dewey Decimal Classification
Koha item type Books
Holdings
Source of classification or shelving scheme Damaged status Not for loan Home library Current library Shelving location Date of accession Cost, normal purchase price Total Checkouts Full call number Barcode Date last seen Date checked out Copy number Method of acquisition Koha item type Currency
Dewey Decimal Classification     JCC Rouf Library JCC Rouf Library General Stacks   300.00 1 921 MAJ 2022 18885 10/14/2025 10/07/2025 C-1 Purchase Books BDT
Dewey Decimal Classification     JCC Rouf Library JCC Rouf Library General Stacks   300.00   921 MAJ 2022 18886 03/20/2024   C-2 Purchase Books BDT

JCC Library | Contacts | JCC Home

Last Update on 23 September 2017
Copyright @ 2017-2020 JCC Rouf Library
Rouf Library, Jhenidah Cadet College (JCC), Bangladesh